| 000 | 00649cam a2200229 a 4500 | ||
|---|---|---|---|
| 008 | |||
| 020 | _a9780340677049 (pbk.) | ||
| 049 | _aMAIN | ||
| 050 | 0 | 0 |
_aRF46 _bCOR |
| 100 | 1 | _aCorbridge, Rogan J. | |
| 245 | 1 | 0 |
_aEssential ENT Practice _bA clinical text / _cRogan J. Corbridge. |
| 260 |
_aLondon : _bHodder Arnold, _c1998. |
||
| 300 |
_a178 p. : _bill. (chiefly col.) ; _c25 cm. |
||
| 500 | _aIncludes index. | ||
| 650 | 0 | _aOtolaryngology. | |
| 700 | 1 | _aCorbridge, Rogan J. | |
| 907 |
_a.b10353823 _b26-01-15 _c23-01-15 |
||
| 003 | |||
| 005 | 20230120204145.0 | ||
| 040 | _cNUST | ||
| 942 | _cBOOKS | ||
| 999 |
_c118153 _d118153 |
||